| 000 | 00485 a2200193 4500 | ||
|---|---|---|---|
| 005 | 20260327100855.0 | ||
| 008 | 260324b |||||||| |||| 00| 0 eng d | ||
| 020 |
_a9789391798918 _cRs. 1995.00 |
||
| 040 | _aMAIN | ||
| 082 |
_a300.72 _bD612R |
||
| 100 | _aDinesh Kumar | ||
| 245 | _aResearch methodology | ||
| 260 |
_bAcademic Publication _c2025 _aDelhi |
||
| 300 | _a317 | ||
| 650 | _aSocial Science | ||
| 650 | _aResearch Methods | ||
| 650 | _aResearch Design | ||
| 942 | _cBK | ||
| 999 |
_c396083 _d396083 |
||